ご当地メロディーの曲名から駅を当てる【東北編】 - Statistics

General Stats
  • This quiz has been taken 5 times
  • The average score is 25 of 37
Answer Stats
Hint Answer % Correct
Around The World 仙台
100%
Sea Green 石巻
100%
花笠音頭 山形
100%
郡山
100%
フラガール〜虹を〜 いわき
100%
高原列車は行く 福島
100%
津軽じょんがら節 弘前
100%
きりたんぽ物語 大館
100%
AIZUその名の情熱 会津若松
100%
青森ねぶた囃子 新青森
100%
明日はきっといい日になる 秋田
100%
飯坂小唄 福島
100%
つがるのうらら 弘前
100%
君は天然色 水沢江刺
80%
羽ばたけ楽天イーグルス 宮城野原
80%
白石音頭 白石蔵王
80%
青い山脈 横手
80%
飾山囃子 角館
80%
あなたへの招待状〜平川より 平賀
60%
なまはげの声となまはげ太鼓「神参」〜秋田船方節 男鹿
60%
相馬流れ山 原ノ町
60%
夕暮れ時はさびしそう 一ノ関
60%
星めぐりの歌 新花巻
60%
夢の空 大曲
60%
ダイジョウブ 盛岡
60%
どじょっこふなっこ 追分
40%
港ばやし 土崎
40%
生保内節 田沢湖
40%
シャボン玉 湯本
40%
飯坂温泉
40%
四季美湖物語 阿仁前田温泉
20%
西馬音内盆踊り幻想 湯沢
20%
言の葉 青葉 仙台空港
20%
牧場の朝 鏡石
20%
りんごのひとりごと 藤崎
20%
浜辺の歌 米内沢
20%
風・そよぐ 釜石
20%
No matching quizzes found
Score Distribution
Percent of People with Each Score
Percentile by Number Answered
Your Score History
You have not taken this quiz